| 000 | 00616cam a2200205 4500 | ||
|---|---|---|---|
| 001 | ##D3238 | ||
| 008 | 090401t1984 xxu||||| |||| 00| 0 eng d | ||
| 035 | _a(Sirsi) u72490 | ||
| 041 | 0 | _aeng | |
| 050 | 0 | 4 | _a690.25 $2 18 |
| 100 | 1 | _aDouglas, B. J. | |
| 245 | 0 | 0 |
_aLatent defects _bsome legal and insurance considerations |
| 260 |
_aAscot _bCIOB _c1984 |
||
| 300 |
_a6p. _c30cm |
||
| 490 | 0 |
_aCIOB Technical Information Service _pSurveying _v(41) |
|
| 651 | 4 |
_aEngland and Wales _y1543- |
|
| 690 | _aBUILT ENVIRONMENT-CONSTRUCTION MANAGEMENT-BUILDING CONTRACT ADMINISTRATION | ||
| 942 | _n0 | ||
| 948 | _c04/03/1997 | ||
| 999 |
_c95509 _d95509 |
||